Diseño de maquinaria. Síntesis y análisis de máquinas y mecanismos.

Sparad:
Bibliografiska uppgifter
Huvudupphovsman: Norton, Robert L. (autor)
Övriga upphovsmän: Ríos Sánchez, Miguel Angel (revisión técnica), Osornio Correa, Cuitláhuac (revisión técnica), Acevedo Alvarado, mario (revisión técnica)
Materialtyp: Okänd
Språk:engelska
Publicerad: México D.F., México: McGraw Hill, 2013.
Upplaga:Quinta edición.
Ämnen:
Taggar: Lägg till en tagg
Inga taggar, Lägg till första taggen!

MARC

LEADER 00000 a2200000 4500
003 CL-VaPUC
005 20231004125335.0
008 230922t2013 ||||| |||| 00| 0 eng d
999 |c 441620  |d 441618 
020 |a 9786071509352 
040 |c Pontificia Universidad Católica de Valparaíso 
082 7 |a 621.815 NOR 2013  |2 22 
100 |a Norton, Robert L.  |9 368210  |e autor 
245 |a Diseño de maquinaria.   |b Síntesis y análisis de máquinas y mecanismos.  
250 |a Quinta edición.  
260 |a México D.F., México:  |b McGraw Hill,  |c 2013. 
300 |a 601 páginas ;   |b  ilustraciones.  
583 |k GC  |c 20230922 
650 |a Cinemática de máquinas   |9 884713 
650 |a Máquinas   |x Diseño   |9 884714 
650 |a Dinámica de máquinas  |9 884715 
700 |a Ríos Sánchez, Miguel Angel   |e revisión técnica  |9 884716 
700 |a Osornio Correa, Cuitláhuac   |e revisión técnica   |9 884717 
700 |a Acevedo Alvarado, mario   |e revisión técnica  |9 884718 
942 |2 ddc  |c BK 
952 |0 0  |1 0  |2 ddc  |4 0  |6 621_815000000000000_NOR_2013  |7 0  |8 R  |9 591645  |a BIBMEC  |b BIBMEC  |c GEN  |d 2023-09-22  |e 3  |g 75783.50  |i 5658757  |l 1  |o 621.815 NOR 2013  |p 5658757  |r 2024-05-22  |s 2024-03-21  |t 1  |v 75783.50  |w 2023-09-22  |y BK_R  |k MEC